The International Bill of Rights : the Covenant on Civil and Political Rights /

Bibliographic Details
Other Authors: Henkin, Louis
Format: Book
Language:English
Published: New York : Columbia University Press, 1981.
Subjects:

MARC

Tag First Indicator Second Indicator Subfields
LEADER 00000pam a2200000 a 4500
001 in00000077674
005 20151008053819.0
008 810422s1981 nyu b 00100 eng
010 |a  81006112  
020 |a 0231051808 :  |c $27.50 (est.) 
035 |a (OCoLC)07464593 
035 |9 AAH8732AM 
039 0 |a 2  |b 3  |c 3  |d 3  |e 3 
040 |a DLC  |c DLC  |d TXA  |d UtOrBLW 
049 |a TXAM  |c [1803519] 
050 0 0 |a K3240.6  |b .I53 
082 0 |a 341.4/81  |2 19 
245 0 4 |a The International Bill of Rights :  |b the Covenant on Civil and Political Rights /  |c Louis Henkin, editor. 
264 1 |a New York :  |b Columbia University Press,  |c 1981. 
300 |a x, 523 pages ;  |c 24 cm. 
336 |a text  |b txt  |2 rdacontent 
337 |a unmediated  |b n  |2 rdamedia 
338 |a volume  |b nc  |2 rdacarrier 
504 |a Includes bibliographical references and index. 
505 0 |a The development of the Covenant on Civil and Political Rights / Vratislav Pechota -- To respect and to ensure, state obligations and permissible derogations / Thomas Buergenthal -- The self-determination of peoples / Antonio Cassese -- The right to life, physical integrity, and liberty / Yoram Dinstein -- Due process of law for persons accused of crime / Haji N.A. Noor Muhammad -- The freedom of movement / Stig Jagerskiold -- Legal personality, privacy, and the family / Fernando Volio -- Freedom of conscience and expression, and political freedoms / Karl Josef Partsch -- Equality and nondiscrimination / B.G. Ramcharan -- The rights of minorities / Louis B. Sohn -- Permissible limitations on rights / Alexandre Charles Kiss -- The obligation to implement the Covenant in domestic law / Oscar Schachter -- The implementation system / A.H. Robertson. 
650 0 |a Human rights. 
700 1 |a Henkin, Louis. 
740 0 |a Covenant on Civil and Political Rights. 
999 |a MARS 
999 f f |s 23592618-dbbe-327f-8f80-0d51ecc84576  |i 0558717b-9978-378e-a109-4e248e3160ac  |t 0 
952 f f |p ric  |a Texas A&M University  |b Rellis Campus  |c Joint Library Facility  |d Remote Storage  |t 0  |e K3240.6 .I53  |h Library of Congress classification  |i unmediated -- volume  |m A14806154090 
998 f f |a K3240.6 .I53  |t 0  |l Remote Storage